đź“–đź’¬ Paroles "Le Renard et les Raisins" la Fontaine - Statistiques

Statistiques générales
  • Ce quiz a Ă©tĂ© pris 59 fois
  • Le rĂ©sultat moyen est 37 sur 61
Statistiques - réponses
Mots % Correct
d'
100%
d'
100%
d'
100%
de
100%
de
100%
Des
100%
Le
100%
les
100%
raisins
100%
Renard
100%
il
94%
il,
94%
il
94%
un
94%
une
94%
une
94%
au
89%
n'
89%
pour
89%
Et
83%
et
83%
"Ils
83%
en
78%
que
78%
se
78%
dit-
72%
Mais
72%
pas
72%
y
67%
bon
61%
haut
61%
sont
61%
fait
56%
mûrs
56%
autres
50%
Fit-
50%
peau
50%
trop
50%
eût
44%
treille
44%
verts,
44%
comme
39%
mieux
39%
plaindre ?
39%
pouvait
33%
vit
33%
disent
28%
Certain
22%
faim,
22%
gascon,
22%
goujats."
22%
repas ;
22%
vermeille.
22%
atteindre :
17%
couverts
17%
normand,
17%
volontiers
17%
apparemment,
11%
galant
11%
Mourant
11%
presque
11%
Aucun quiz correspondant
Distribution des résultats
% des personnes avec chaque résultat
Percentile par nombre de réponses
Votre historique - résultats
Vous n’avez pas pris ce quiz